Saved by the Bell 2 - Statistics

General Stats
  • This quiz has been taken 210 times
    112 since last reset
  • The average score is 12 of 19
Answer Stats
Question Answer % Correct
Who calls Zack 'preppie'? AC Slater
90%
Who becomes valedictorian? Samuel 'Screech' Powers
88%
Who got 1205 on their SATs? Jessica 'Jessie' Spano
86%
What is the restaurant called that the gang hang out at? The Max
86%
In which state does Zack get married? Nevada
77%
Who are Bayside's rivals? Valley High School
77%
What does the AC stand for in Slater's name? Albert Clifford
72%
What happens to Mrs Belding when she is trapped in the elevator with Tory and Zack? She gives birth
66%
The gang visit a mansion for a Murder Mystery Weekend. Who is involved in the mystery? Lisa Turtle
65%
Which actress played Lisa Turtle? Lark Voorhies
62%
What University did Slater, Zack, Kelly and Screech go to? California University
60%
Who teaches Driver's Ed? Mr Tuttle
53%
What is the name of the nightclub the gang make fake IDs for? The Attic
53%
Screech's girlfriend, Violet, is played by which actress? Tory Spelling
45%
The gang attend Jessie's father's wedding where? Palm Springs
40%
What is Mr Belding's younger brother called? Rod
40%
What country is Mrs Simpson from? England
38%
What happened to Screech after he was hit by lightning? He could see into the future
35%
Zack is sold fake class rings by who? Gem Diamond
21%
No matching quizzes found
Score Distribution
Percent of People with Each Score
Percentile by Number Answered
Your Score History
You have not taken this quiz since the last reset